| 000 | 00572nam a2200193 i 4500 | ||
|---|---|---|---|
| 001 | 80604 | ||
| 003 | ES-MaACL | ||
| 005 | 20230906174243.0 | ||
| 007 | t| | ||
| 008 | 041028s1985 sp ||||1| spa d | ||
| 020 | _a84-335-5215-5 | ||
| 100 | 1 |
_aHoffmann, Banesh. _963948 |
|
| 245 | 1 | 3 |
_aLa relatividad y sus orígenes / _cBanesh Hoffmann ; [traducción, José llosa Carrasco]. |
| 250 | _a[1ª ed.]. | ||
| 260 |
_aBarcelona : _bLabor, _c1985. |
||
| 300 |
_a161 p. : _bil. ; _c24 cm. |
||
| 700 | 1 |
_aLlosa Carrasco, José. _972931 |
|
| 852 |
_aES-MaACL _jL-7614 _bR.108235 |
||
| 999 |
_c80604 _d80604 |
||